00448nam a2200157Ia 450000500170000000800410001708200130005810000210007124500190009226000350011130000130014665000110015994200060017095200990017699900150027520250405114218.0240331s9999 xx 000 0 und d bSUBa894 aSubramanyam, K.N 0aNangu novelkal aMadrasbStar Publicationc1985 a388 p ., aNovels cL 001040708LaWERCLbWERCLcSSCd2024-03-31l0o 894.811 SUBp1582r2024-03-31w2024-03-31yL c4067d4067